Ir más allá : (Registro nro. 151669)
[ vista simple ]
| 000 -LEADER | |
|---|---|
| fixed length control field | nam a22 7a 4500 |
| 005 - DATE AND TIME OF LATEST TRANSACTION | |
| control field | 20191001141058.0 |
| 008 - FIXED-LENGTH DATA ELEMENTS--GENERAL INFORMATION | |
| fixed length control field | 191001b xr ||||| |||| 00| 0 spa d |
| 020 ## - INTERNATIONAL STANDARD BOOK NUMBER | |
| International Standard Book Number | 9788024629285 |
| 050 04 - LIBRARY OF CONGRESS CALL NUMBER | |
| Classification number | BV2290 |
| Item number | I7 2016 |
| 245 00 - TITLE STATEMENT | |
| Title | Ir más allá : |
| Remainder of title | fuentes bohemicales para el estudio comparativo de la expansión colonial española en la temprana Edad Moderna / |
| Statement of responsibility, etc | Simona Binková, Markéta Křížová et al. |
| 250 ## - EDITION STATEMENT | |
| Edition statement | 1a edición |
| 260 ## - PUBLICATION, DISTRIBUTION, ETC. (IMPRINT) | |
| Place of publication, distribution, etc | Praga : |
| Name of publisher, distributor, etc | Universidad Carolina de Praga : |
| -- | Karolinum, |
| Date of publication, distribution, etc | 2016 |
| 300 ## - PHYSICAL DESCRIPTION | |
| Extent | 246 páginas ; |
| Other physical details | il. ; |
| Dimensions | 23 cm |
| 610 27 - SUBJECT ADDED ENTRY--CORPORATE NAME | |
| Source of heading or term | lemb |
| Corporate name or jurisdiction name as entry element | Jesuitas |
| Geographic subdivision | Bohemia |
| General subdivision | Historia |
| 610 27 - SUBJECT ADDED ENTRY--CORPORATE NAME | |
| Source of heading or term | lemb |
| Corporate name or jurisdiction name as entry element | Jesuitas |
| General subdivision | Misiones |
| Geographic subdivision | México |
| General subdivision | Historia |
| 610 27 - SUBJECT ADDED ENTRY--CORPORATE NAME | |
| Source of heading or term | lemb |
| Corporate name or jurisdiction name as entry element | Jesuitas |
| General subdivision | Misiones |
| Geographic subdivision | Filipinas |
| General subdivision | Historia |
| 610 27 - SUBJECT ADDED ENTRY--CORPORATE NAME | |
| Source of heading or term | lemb |
| Corporate name or jurisdiction name as entry element | Jesuitas |
| General subdivision | Misiones |
| Geographic subdivision | Marianas (Islas) |
| General subdivision | Historia |
| 700 1# - ADDED ENTRY--PERSONAL NAME | |
| Personal name | Binková, Simona |
| Dates associated with a name | [1957- ] |
| 700 1# - ADDED ENTRY--PERSONAL NAME | |
| Personal name | Křížová, Markéta |
| 942 ## - ADDED ENTRY ELEMENTS (KOHA) | |
| Source of classification or shelving scheme | Biblioteca del Cogreso de los Estados Unidos |
| Koha item type | Libro |
| Estado de pérdida | Fuente de clasificación | Estado del daño | No para préstamo | Ubicación permanente | Ubicación actual | Apartado o colección | Fecha de adquisición | Área del conocimiento | Clasificación | Código de Barras | Date last seen | Número de copia | Costo por reposición | Tipo de recurso |
|---|---|---|---|---|---|---|---|---|---|---|---|---|---|---|
| Biblioteca del Cogreso de los Estados Unidos | Biblioteca del Instituto de Investigaciones Históricas | Biblioteca del Instituto de Investigaciones Históricas | General | 01/10/2019 | Educación y Humanidades | BV2290 I7 2016 | IIH000029219 | 01/10/2019 | C:1 | 1.00 | Libro |